000 00580nam a2200193 i 4500
001 bg
100 1 _aAUGUSTYNOWICZ, Andrzej
245 0 _aLaboratorium silników spalinowych /
_cA. Augustynowicz, J. Jantos, J. Polnar.
260 _aOpole,
_c1991.
490 1 _aSkrypt Uczelniany / Wyższa Szkoła Inżynierska w Opolu
700 1 _aJANTOS, Jerzy
700 1 _aPOLNAR, Józef
830 0 _aSkrypt Uczelniany (Wyższa Szkoła Inżynierska w Opolu)
040 _cBPK
041 _apol
080 _a621.43(075.8)
942 _cKS
008 s pl f |000 0 pol
999 _c4594
_d4594
856 _uhttp://koha.tu.koszalin.pl/cgi-bin/koha/opac-detail.pl?biblionumber=4594
_yKatalog online BPK